Electromagnetic Modeling by Finite Element Methods

Guardado en:
Detalles Bibliográficos
Autores principales: Bastos, Joao Pedro A. (Autor), Sadowski, Nelson (Autor)
Formato: Libro
Lenguaje:inglés
Publicado: New York : Marcel Dekker, 2003
Materias:
Etiquetas: Agregar Etiqueta
Sin Etiquetas, Sea el primero en etiquetar este registro!

MARC

LEADER 00000nam a22000003a 4500
001 stu92162
005 20150617225622.0
008 041220s2003----xxu-----------------eng-d
020 |a 0-8247-4269-9 
040 |a STU  |b slo 
041 0 |a eng 
044 |a xxu 
080 |a 537.8 
080 |a 519.64  |7 stu_us_auth*stu8082 
080 |a 531.213 
084 |a A0260  |2 INS 
084 |a A0350D  |2 INS  |7 stu_us_auth*stu14001 
084 |a A4110  |2 INS 
084 |a B0290T  |2 INS 
084 |a B5100  |2 INS 
100 1 |a Bastos, Joao Pedro A.  |4 aut 
245 1 |a Electromagnetic Modeling by Finite Element Methods 
260 |a New York :  |b Marcel Dekker,  |c 2003 
300 |a 490 s 
650 7 |a elektromagnetizmus  |2 stusub 
650 7 |a modelovanie  |2 stusub 
650 7 |a metóda konečných prvkov  |2 stusub 
650 7 |a Maxwellove rovnice  |2 stusub 
700 1 |a Sadowski, Nelson  |4 aut 
996 |b 284EK85522  |c E*85522  |l EE15  |s P  |a 0  |w stu92162_0001